Central Library OPAC University of Rajshahi

Statistics / (Record no. 70359)

MARC details
000 -LEADER
fixed length control field 00723nam a2200253 a 4500
001 - CONTROL NUMBER
control field 70359
003 - CONTROL NUMBER IDENTIFIER
rucl marc code BD-RjUL
005 - DATE AND TIME OF LATEST TRANSACTION
control field 20211209082005.0
008 - FIXED-LENGTH DATA ELEMENTS--GENERAL INFORMATION
fixed length control field 170417s1983 macp|||| |||| 00| 0 eng d
035 ## - SYSTEM CONTROL NUMBER
System control number (BD-RjUL)70573
040 ## - CATALOGING SOURCE
Original cataloging agency BD-RjUL
Language of cataloging eng
Transcribing agency BD-RjUL
Modifying agency BD-RjUL
041 ## - LANGUAGE CODE
Language code of text/sound track or separate title eng
082 ## - DEWEY DECIMAL CLASSIFICATION NUMBER
Edition number 23
Classification number 519.5
Author mark and year HAS 1983
100 1# - MAIN ENTRY--PERSONAL NAME
Personal name Harper, W. M.
9 (RLIN) 208343
245 10 - TITLE STATEMENT
Title Statistics /
Statement of responsibility, etc. W. M. Harper
250 ## - EDITION STATEMENT
Edition statement 4th ed.
260 ## - PUBLICATION, DISTRIBUTION, ETC. (IMPRINT)
Place of publication, distribution, etc. Macdonald :
Name of publisher, distributor, etc. Macdonald and Evans Ltd. ,
Date of publication, distribution, etc. c1982 [reprinted 1983]
300 ## - PHYSICAL DESCRIPTION
Pagination xii, 387 p. :
Illustrations ill. ;
Size 17 cm.
490 ## - SERIES STATEMENT
Series statement The M & E handbook series
500 ## - GENERAL NOTE
General note Includes index
650 ## - SUBJECT ADDED ENTRY--TOPICAL TERM
Topical term or geographic name as entry element Statistics.
9 (RLIN) 208344
830 ## - SERIES ADDED ENTRY--UNIFORM TITLE
Uniform title The M & E handbook series
942 ## - ADDED ENTRY ELEMENTS (KOHA)
Source of classification or shelving scheme Dewey Decimal Classification
Koha item type Books
Holdings
Lost status Source of classification or shelving scheme Damaged status Not for loan Collection code Permanent Location Current Location Shelving location Date acquired Source of acquisition Cost, normal purchase price Total Checkouts Full call number Date last seen Copy number Koha item type
  Dewey Decimal Classification   Not For Loan Non-fiction Central Library, University of Rajshahi Central Library, University of Rajshahi Reading Room 16/11/2000 token 0.00   519.5 HAS 1983 17/04/2017 C-1 Books